000 00723nam a22002417a 4500
005 20170124110222.0
010 _aA-226944
020 _c00.00
035 _aA-226944
037 _bCen Lib/Ret
040 _aDPL
_bEN
082 _a025.5
_bMUK
100 _aMukherjee, Ajit Kumar
_940094
245 _aReference work and its tools /
_cby Ajit Kumar Mukherjee
250 _a3rd ed.
260 _aCalcutta
_bWorld Press
_c1975
270 _a37A, College Street
_bCalcutta
_e700073
300 _axiv,288p.
_c21cm(Hb)
500 _aIncludes bibliographical references and index
650 _aReference books
_95990
650 _aReference services (Libraries)
_938715
942 _2ddc
_cEN
_h025.5
_mMUK
999 _c134209
_d134209